000
00281nam a22001217a 4500
008
160507b xxu||||| |||| 00| 0 eng d
020
_a
9780072846119
020
_a
0072846119
041
_a
eng
080
_a
573
245
_a
Molecular biology:
_c
Robert F. Weaver;
942
_2
udc
_c
BK
999
_c
1884
_d
1884